000 00296nam a22001337a 4500
008 170831b xxu||||| |||| 00| 0 eng d
020 _a2900534551925
041 _aeng
080 _a070
100 _a40
101 _aMED
245 _aCONFIDENT PUBLIC SPEAKING
_cSELLNOW,D,D
942 _2udc
_cBK
999 _c25850
_d25850